Invisible Countries of Oceania Quiz Stats

 Plays Quiz Updated Mar 19, 2016

Challenge
Share
Tweet
Embed
Score 0/14 Timer 02:00
2 Plays Today
% Correct
Australia
96.8%
New Zealand
96.3%
Fiji
90%
Samoa
82%
Papua New Guinea
81.2%
Marshall Islands
80.7%
Vanuatu
79.3%
% Correct
Tonga
79%
Micronesia
78.8%
Solomon Islands
78.1%
Tuvalu
78.1%
Palau
77.6%
Nauru
76.9%
Kiribati
75.9%

You're not logged in!

Compare scores with friends on all Sporcle quizzes.
OR
Log In

You Might Also Like...

Show Comments

Extras

Top Quizzes Today


Score Distribution

Your Account Isn't Verified!

In order to create a playlist on Sporcle, you need to verify the email address you used during registration. Go to your Sporcle Settings to finish the process.

Report this User

Report this user for behavior that violates our Community Guidelines.

Details: